Statistics for European Countries with One Border (with a map)

Click here to take the quiz!

General Stats

  • This quiz has been taken 960 times
  • The average score is 10 of 11

Answers on the Map

Answers color-coded by a green-red scale on the quiz's map according to % correct below.
 

Answer Stats

Country% Correct
Ireland
96%
United Kingdom
96%
Portugal
95%
San Marino
94%
Vatican City
94%
Denmark
91%
Monaco
89%
Spain
78%
Italy
77%
France
75%
Germany
74%

Score Distribution

Percentile by Number Answered

Percent of People with Each Score

Your Score History

You have not taken this quiz